| 000 | 00375nam a2200157Ia 4500 | ||
|---|---|---|---|
| 008 | 230917s9999||||xx |||||||||||||| ||und|| | ||
| 040 |
_e215071 _aMAIN |
||
| 041 | _aEnglish | ||
| 082 | _a327 G346I(3) | ||
| 100 | _aGhosh, Peu | ||
| 245 | 0 | _aInternational relations | |
| 250 | _a3rd ed. | ||
| 260 |
_aNew Delhi _bPHI Learning _c2013 |
||
| 300 | _axv, 495 p. | ||
| 942 | _cBK | ||
| 999 |
_c179273 _d179273 |
||